Pays par image - Statistiques

Statistiques générales
  • Ce quiz a été pris 288 fois
  • Le résultat moyen est 14 sur 16
Statistiques - réponses
Par images Réponse % Correct
Brésil
99%
Egypte
99%
Japon
99%
Royaume uni
98%
Inde
97%
Etats unis
96%
France
96%
Grece
96%
Australie
94%
Espagne
89%
Mexique
87%
Pérou
84%
Thailande
76%
Jordanie
67%
Turquie
64%
Vatican
56%
Aucun quiz correspondant
Distribution des résultats
% des personnes avec chaque résultat
Percentile par nombre de réponses
Votre historique - résultats
Vous n’avez pas pris ce quiz